02020nam a22002777a 4500003000900000001000900009007000300018008003600021090000900057942000800066040003800074245011500112955000600227041000800233856005600241520025600297520025000553520024800803520025101051520025601302520014001558260000901698246000801707650000801715999001901723UA-OsUOA 133032 ta20180926b un ||||| |||| 00| 0 ukr d bJ-34 cMGN aUA-OsUOAbengcUA-OsUOAdUA-OsUOA aJournal of Information Systems Engineering and Business IntelligencecEditor-in-Chief INDRA Kharisma Raharjana a1 aeng40uhttps://e-journal.unair.ac.id/JISEBI/issue/view/8033 aJournal of Information Systems Engineering and Business Intelligence (JISEBI, e-ISSN:2443-2555 p-ISSN:2598-6333) is an international, peer-reviewed, open-access journal published by Universitas Airlangga (Top 5 Indonesian University-QS World Universit3 ay Rankings 2018). Indexed by DOAJ, Crossref, Google Scholar, BASE, SINTA 2.0, and Microsoft Academic Search.Benefits of Publishing with JISEBI- No Publication Fee for International Authors (Author from Indonesia will be required to pay an Articl3 ae Publication Fee Rp 300.000, -) http://s.id/1fEC- Offer open access license (CC-BY), authors retain the copyright.- Get peer-reviewed and improve your manuscript.This journal has been accredited by National Journal Accreditation (ARJUNA) mana3 aged by the Ministry of Research, Technology and Higher Education, Republic Indonesia with Peringkat 2 (SINTA 2) since the year 2016 to 2020 according to the decree number 21/E/KPT/2018 dated 9th July 2018. JISEBI invites original and review artic3 ales on various issues within Information Systems Engineering and Business Intelligence, which include but are not limited to Software Engineering, Management and Utilization of Information Systems, Organizational Governance, Enterprise Resource Planni3 ang, Enterprise Architecture Planning, Knowledge Management, Data and Text Mining, Artificial Intelligence, and Decision Support System. c201831a2n 72UDC c421614d421614